Statistiques concernant Sportankhamon

Cliquez ici pour prendre le quiz!

Statistiques générales

  • Ce quiz a été pris 27 fois
  • Le résultat moyen est 47 sur 63

Statistiques - réponses

Réponse% Correct
Antoine Bozec
100%
Antoine Calambe
100%
Arthur
100%
Bastien
100%
Charlotte
100%
Emilio
100%
Emma
100%
Giany
100%
Jade Brenon
100%
Jie
100%
Manon
100%
Pierre-Jean
100%
Romain
100%
Alaia
92%
Aya
92%
David
92%
Ludivine
92%
Pierre Bréban
92%
Pierre Lavigogne
92%
Antoine Gaultier
85%
Damien
85%
Eva Renger
85%
Eva Spagnoli
85%
Loane
85%
Maxine
85%
Ninon
85%
Noé
85%
Thomas Wieczorek
85%
Aïda
77%
Antoine McGovern
77%
Clément
77%
Johanna
77%
Lucile
77%
Maia
77%
Marie
77%
Matthieu
77%
Solène
77%
Angèle
69%
Ilan
69%
Jeanne
69%
Julie
69%
Louis Goyard
69%
Maxence
69%
Victor
69%
Clarisse
62%
Honorine
62%
Marius
62%
Mathias
62%
Thomas Latard
62%
Agathe
54%
Charline
54%
Clara
54%
Eloïse
54%
Anais
46%
Jade Ely
46%
Joseph
46%
Louis Andrieu
46%
Nicolas
46%
Thibault
46%
Capucine
38%
Elena
38%
Elsa
38%
Ombeline
38%

Distribution des résultats

Percentile par nombre de réponses

% des personnes avec chaque résultat

Votre développement - résultats

Vous n’avez pas pris ce quiz